000 00750nam a2200241Ia 4500
003 GCL
008 140319s9999 xx 000 0 ara d
020 _a9359270977
040 _aGCL /
_cGCL
082 0 4 _a843.03
_bك غ
100 1 _aكامى، البير
245 1 0 _aالغريب PASTURES OF HEAVEN /
_cكامى، البير
700 1 _aمحمد غطاس
250 _aالاولى
260 _aالقاهرة :
_bالدار المصرية اللبنانية ،
_c1997
300 _a137 ص:
_bايض ؛
_c22 سم
490 _aروايات جائزة نوبل
_v9
650 0 4 _aالادب
650 0 4 _aالادب العالمى
650 0 4 _aالقصص الفرنسية
650 0 4 _aالادب - مسابقات
942 _2ddc
_cBK
999 _c4899
_d4899